| 000 | 00393nam a2200121Ia 4500 | ||
|---|---|---|---|
| 008 | 151021s9999 xx 000 0 und d | ||
| 050 | _aSB323.K4N352005 | ||
| 245 | _a_Success in Agriculture volume5 Dry beans,cotton,maize,sunflower&wheat | ||
| 260 | _aNairobi Techno Resource Trainers 2005 | ||
| 300 | _a151p. | ||
| 650 | _a_Growing beans,cotton,wheat | ||
| 980 | _a^d20110119 02:06:12^okorir | ||
| 999 |
_c6200 _d6200 |
||